Normal view
MARC view
Entry Personal Name
001 - CONTROL NUMBER
- control field: 13299
003 - CONTROL NUMBER IDENTIFIER
- control field: OSt
005 - DATE AND TIME OF LATEST TRANSACTION
- control field: 20200123103125.0
008 - FIXED-LENGTH DATA ELEMENTS
- fixed length control field: 200123|| aca||aabn | a|a d
040 ## - CATALOGING SOURCE
- Original cataloging agency: OSt
- Transcribing agency: OSt
100 ## - HEADING--PERSONAL NAME
- Personal name: Jakupec, Viktor,
- Dates associated with a name: 1945-
670 ## - SOURCE DATA FOUND
- Source citation: Work cat.: (OSt)0: Flexible learning, human resource, and organisational development :, 2000.
